000 01174nam a2200325 i 4500
003 EG-ScBUE
005 20250804095445.0
008 141016t2014 njua f d 001 0 eng d
020 _a9781118323793
040 _aEG-ScBUE
_beng
_erda
_cEG-ScBUE
_dEG-ScBUE
082 0 4 _222
_a547
_bSOL
100 1 _aSolomons, T. W. Graham,
_eauthor.
_926105
245 1 0 _aOrganic chemistry /
_cT. W. Graham Solomons, University of South Florida, Craig B. Fryhle, Pacific Lutheran University, Scott A. Snyder, Columbia University.
250 _aEleventh edition.
250 _aInternational student version.
264 1 _aNew Jersey :
_bJohn Wiley & Sons,
_c[2014]
264 4 _cc2014
300 _a1 volume (various pagings) :
_bcolor illustrations ;
_c28 cm
336 _2rdacontent
_atext
_btxt
337 _aunmediated
_2rdamedia
_bn
338 _avolume
_bnc
_2rdacarrier
500 _aIncludes glossary.
500 _aIncludes index.
650 7 _96234
_aChemistry, Organic.
_2BUEsh
653 _bENGCHE
_cOctober2014
655 _vReading book
_933728
700 1 _aFryhle, Craig B.,
_eauthor.
_926107
700 1 _aSnyder, S. A.
_936233
_q(Scott A.)
_eauthor.
942 _2ddc
_cBB
999 _c18461
_d18433